Statistics for Masterchef Winners (U.S.)

Click here to take the quiz!

General Stats

  • This quiz has been taken 60 times
  • The average score is 3 of 6

Answer Stats

SeasonWinner% Correct
3Christine Hà
86%
4Luca Manfè
67%
1Whitney Miller
60%
5Courtney Lapresi
55%
6Claudia Sandoval
48%
2Jennifer Behm
33%

Score Distribution

Percentile by Number Answered

Percent of People with Each Score

Your Score History

You have not taken this quiz